| 000 | 00362nam a2200145Ia 4500 | ||
|---|---|---|---|
| 008 | 150201s2004 xx 000 0 und d | ||
| 082 |
_a617.6 _bP2004A |
||
| 100 | _aANUSAVICE | ||
| 245 | _aPHILLIPS SCIENCE OF DENTAL MATERIALS | ||
| 250 | _a11TH | ||
| 260 |
_bSAUNDERS _aPHILADELPHIA _c2004 |
||
| 300 | _a1-805 | ||
| 650 | _aPROSTHODONTICS | ||
| 942 |
_2ddc _cBK _028 |
||
| 999 |
_c3213 _d3213 |
||